World history (Record no. 309543)

MARC details
000 -LEADER
fixed length control field 00511nam a2200181Ia 4500
008 - FIXED-LENGTH DATA ELEMENTS--GENERAL INFORMATION
fixed length control field 191130s9999##################000#0#eng##
020 ## - INTERNATIONAL STANDARD BOOK NUMBER
ISBN 9788183576512
082 ## - DEWEY DECIMAL CLASSIFICATION NUMBER
Classification number 909 CHO
245 ## - TITLE STATEMENT
Title World history
Statement of responsibility, etc J.K.Chopra
260 ## - PUBLICATION, DISTRIBUTION, ETC. (IMPRINT)
Place of publication NewDelhi
Name of publisher [publisher not identified]
300 ## - PHYSICAL DESCRIPTION
Number of Pages 134p:18cm
500 ## - GENERAL NOTE
General note Civil Services Main Examination
650 ## - SUBJECT ADDED ENTRY--TOPICAL TERM
Topical Term World history
991 ## -
-- 447651
Holdings
Withdrawn status Lost status Damaged status Not for loan Home library Current library Date acquired Full call number Accession Number Price effective from Koha item type Shelving location
        Anna Centenary Library Anna Centenary Library 15.10.2020 909 CHO 582474 15.10.2020 English Books  
        Anna Centenary Library Anna Centenary Library 15.10.2020 909 CHO 582475 15.10.2020 English Books  
        Anna Centenary Library Anna Centenary Library 15.10.2020 909 CHO 582476 15.10.2020 English Books COMPETITIVE SECTION - SEVENTH FLOOR
        Anna Centenary Library Anna Centenary Library 15.10.2020 909 CHO 582477 15.10.2020 English Books  

Find us on the map